| 000 | 00833nas a2200265 4500 | ||
|---|---|---|---|
| 001 | BR9606501 | ||
| 003 | BR-BrBNA | ||
| 005 | 20231205095848.0 | ||
| 007 | ta | ||
| 008 | 230509b bl.|||p| |||| 00| 00por d | ||
| 040 |
_aBR-BrBNA _bpor _cBiblioteca Nacional de Agricultura |
||
| 041 | _a(Pt) | ||
| 072 | _aL01 | ||
| 100 | 1 | _aThaler Neto, A. | |
| 100 | 1 | _aMuhlbauer, M.D. | |
| 100 | 1 | _aZardo, W.F. | |
| 100 | 1 | _aRamos, J.C. | |
| 245 | 1 | _aFatores que afetam a producao de leite e o periodo de lactacao em um rebanho das racas flamenga e holandesa no planalto catarinense | |
| 650 | _aGado Leiteiro | ||
| 650 | _aProducao Leiteira | ||
| 650 | _aRaca | ||
| 773 | 0 |
_tCiencia Rural (Brazil) _xISSN 0103-8478 _g(Jan-Apr 1996), v. 26(1) p. 123-128 _wBR9606501 |
|
| 909 |
_a202311 _bLúcia _c55 _dLúcia Elande |
||
| 942 |
_2AGRIS _n0 _cANA |
||
| 999 |
_c153146 _d153146 |
||